000 00412nam a2200121Ia 4500
008 220204s9999 xx 000 0 und d
082 _aNR:339.13
_bJUM
100 _aJumpasut, Prachaya
245 0 _aEconomic aspects of marketing rubber in a changing world : International Rubber Marketing Conference, Phuket, Thailand, 11-13 April 1996
260 _aU K
_c1996
490 _aIRSG Staff Paper 1996 A
942 _cBK
999 _c41313
_d41313